000 01764nam a2200337 i 4500
003 EG-GICUC
005 20260314100440.0
008 260115s1988 ua |||fr|||| 00| 0 ara d
017 _a2521/1988
020 _a9771033964
040 _a EG-GICUC
_bara
_c EG-GICUC
_d EG-GICUC
_erda
041 0 _aAra
082 0 4 _221
_a343.3816
_bم ح . ب
092 0 4 _221
099 _aLaw1 10 343.3816 م ح . ب 1988
100 0 _aمحمد شتا أبو سعد
_eمؤلف.
245 1 2 _aالبراءة فى الأحكام الجنائية وأثرها على رفض الدعوى المدنية :
_bأول دراسة قضائية وفقهية تأصيلية جامعة فى الموضوع وتتناول أسباب الحكم بالبراءة والتخفيف فى مجال القسم العام من قانون العقوبات، الأحداث، وبعض جرائم القانون الخاص، كجرائم أمن الدولة، السرقة، القتل عمدا أو خطأ، والنصب وجرائم الشيك، وجرائم المخدرات، والأسلحة والذخائر، والبراءة لأسباب إجرائية /
_cتأليف دكتور محمد شتا أبو سعد.
250 _aالطبعة الأولى
264 1 _aالإسكندرية :
_bمنشأة المعارف،
_c1988.
300 _a512 صفحة؛
_c24 سم.
336 _2rda content
_atext
337 _2rda media
_aComputer
338 _2rda carrier
_aOnline Resource
546 _aالنص باللغة العربية
650 1 _aالحكم الصادر بالبراءة
_2qrmak
650 1 _aالقانون الجنائى
_2qrmak
651 1 _2qrmak
856 4 0 _uhttps://fll.law.cu.edu.eg/fulltext/bks/B10-07802.pdf
905 _a54
_eYara
942 _2ddc
_cBK
_e21
_n0
999 _c57260
_d57260